Missing Word: Agatha Christie Mysteries Quiz Stats

Quiz Updated Apr 11, 2018

Challenge
Share
Tweet
Embed
Score 0/30 Timer 04:00
3 Plays Today
Title Missing Word % Correct
Murder on the ______ ExpressOrient
98.8%
_______ Dickory DockHickory
88.1%
Three _____ MiceBlind
87.4%
Death on the ____Nile
83.5%
One, Two, ______ My ShoeBuckle
80.1%
Sleeping ______Murder
76%
Witness for the ___________Prosecution
73.7%
The ____ in the LibraryBody
63.3%
The Murder of _____ AckroydRoger
62.6%
Cat Among the _______Pigeons
61.3%
The Mysterious ______ at StylesAffair
61.3%
A Pocket Full of ___Rye
60.8%
The Mystery of the ____ TrainBlue
54%
4:50 from __________Paddington
53.3%
By the ________ of My ThumbsPricking
52.4%
Title Missing Word % Correct
___________ with DeathAppointment
51.7%
____ Under the SunEvil
50.2%
The Man in the _____ SuitBrown
50%
Five Little ____Pigs
48.2%
_________ Can RememberElephants
47.1%
They Do It with _______Mirrors
46.3%
Endless _____Night
45.5%
The Moving _____Finger
45.3%
Sparkling _______Cyanide
44.8%
Crooked _____House
43.6%
____ on the TableCards
43.1%
A Murder Is _________Announced
41.9%
___ CypressSad
40.7%
Dead Man's _____Folly
39.4%
Lord _______ DiesEdgware
39.1%

Today's Daily Dose

Missing Word
'F' Science

Word Ladder
Guitar Heroes

Quick Pick
Zambian Borders

On This Day
April 22nd II

You're not logged in!

Compare scores with friends on all Sporcle quizzes.
Sign Up with Email
OR
Log In

You Might Also Like...

Show Comments

Extras

Top Quizzes Today


Score Distribution

Your Account Isn't Verified!

In order to create a playlist on Sporcle, you need to verify the email address you used during registration. Go to your Sporcle Settings to finish the process.

Report this User

Report this user for behavior that violates our Community Guidelines.

Details: